000 03651cam a22006134i 4500
003 PE-LiUPU
005 20250731180151.0
008 150706s2000 ck a r 000 0 spa d
020 _a9588060125
035 _a(Sirsi) i9789588060125
040 _aPE-LiUPU
_bspa
_cPE-LiUPU
_erda
049 _aPRUA
082 0 4 _a526.9
_bT73
_221
100 1 _aTorres Nieto, Álvaro,
_eautor.
245 1 0 _aTopografía /
_cÁlvaro Torres Nieto y Eduardo Villate Bonilla.
250 _a4a edición.
264 1 _aBogotá :
_bEscuela Colombiana de Ingeniería,
_c2000.
300 _a460 páginas :
_bilustraciones ;
_c25 centímetros
336 _atext
_2rdacontent
337 _aunmediated
_2rdamedia
338 _avolume
_2rdacarrier
505 0 _aMediciones con cinta -- Levantamiento de un lote por cinta únicamente -- Ángulos y direcciones -- La brújula y sus aplicaciones -- Dibujo topográfico -- El teodolito -- Diversos usos del teodolito -- Métodos para medir un terreno con tránsito y cinta -- Fórmulas para el cálculo del área -- Triangulación y trilateración -- Generalidades sobre otras clases de levantamientos -- Particiones -- Urbanizaciones -- Introducción a la altimetría -- Aparatos empleados en nivelación -- Nivelación barométrica -- Nivelación trigonométrica -- Nivelación directa (o geométrica) -- Curvas de nivel - perfil - nivelación -- Ajuste de una nivelación -- Taquimetría -- Nociones de trazado -- Factores geométricos en el diseño de una vía -- Localización del proyecto en el terreno -- Estacas de chaflán y cubicación -- Nociones de fotogrametría -- Determinación de Azimut por altura absoluta -- Principales características de los aparatos modernos empleados en topografía -- Topografía hidrográfica -- Sistema de posicionamiento global (GPS) -- Sistema de información geográfica (SIG) -- Computadores y su utilización en topografía -- Fórmulas.
526 _aSEG44
526 _aSEG26
526 _aP159
526 _aP155
526 _aP154
526 _aP153
526 _aP150
526 _aP100
526 _aP31
526 _aP30
526 _aP26
526 _aP25
526 _aP24
526 _aP22
526 _aP15
526 _aP10
541 _g015-001537;
541 _g0014-0001980;
541 _g001-0000121;
650 0 4 _aTopografía.
700 1 _aVillate Bonilla, Eduardo,
_eautor.
910 _btqv
_caic
_d20170213
910 _adbm
_bksl
_cksl
_d20180626
942 _2ddc
_cBOOK
949 _a526.9 T73
_wDEWEY
_c1
_i67380
_lCCODEBUL1
_mBUL
_p58.00
_r0
_sY
_tBOOK
_u2015-7-6
_xINGENIERIA
_PP25
_o.STAFF. Colección General
949 _a526.9 T73 2000
_wDEWEY
_c1
_iFJ06733
_lCCODEBUJ1
_mBUJ
_p32.62
_r0
_sY
_tBOOK
_u2017-02-13
_xINGENIERÍA
_PP25
_0COMPRA
_o.STAFF. Colección General Juliaca
994 _aC0
_bPEPRU
596 _a1 3
999 _a526.9 T73
_wDEWEY
_c55048
_i67380
_d55048
_e2017-3-14
_f2021-11-9
_g7
_lCCODEBUL1
_mBUL
_n9
_p58.00
_q1
_r0
_sY
_tBOOK
_u2015-7-6
_xINGENIERIA
_PP25
_0COMPRA
_o.STAFF. Colección Ingeniería y Arquitectura
999 _a526.9 T73
_wDEWEY
_c2
_i78873
_f2021-11-9
_g4
_lCCODEBUL1
_mBUL
_p40.89
_r0
_sY
_tBOOK
_u2018-6-26
_xINGENIERIA
_PP25
_0COMPRA
_1FCOMPRA
_o.STAFF. Colección Ingeniería y Arquitectura
999 _a526.9 T73 2000
_wDEWEY
_c1
_iFJ06733
_d2019-11-28
_e2019-11-11
_f2022-1-19
_g4
_lCCODEBUJ1
_mBUJ
_n32
_p32.62
_q39
_r0
_sY
_tBOOK
_u2017-2-13
_xINGENIERIA
_PP25
_0COMPRA
_o.STAFF. Colección General Juliaca
980 _81
_gALBERTO SANCHEZ Responsable de Automatización